Changes in Western European banking /

Introduction. Current trends in banking and financial systems. Structure and performance. Monetary regulation, 1992 and supervision. Changes in balance sheet structure. Retail banking...

Spremljeno u:
Bibliografski detalji
Glavni autor: Gardener, Edward P. M.
Daljnji autori: Molyneux, Philip.
Format: Knjiga
Jezik:English
Izdano: London ; New York : Routledge, 1993.
Teme:
Oznake: Dodaj oznaku
Bez oznaka, Budi prvi tko označuje ovaj zapis!
Thư viện lưu trữ: Mạng thư viện Đại học Đà Nẵng
LEADER 01291cam a2200409 i 4500
001 000049346
003 9091
005 20030304091040.0
008 010315|1993 vm 000 eng
020 |a 0415083206 
040 |a IRC  |c IRC  |d IRC 
041 0 |a eng 
082 1 4 |a 332.1094  |b GA-E 
100 1 |a Gardener, Edward P. M. 
245 0 0 |a Changes in Western European banking /  |c Edward P. M. Gardener and Philip Molyneux. 
260 |a London ; New York :  |b Routledge,  |c 1993. 
300 |a xix, 300 p. :  |b ill. ;  |c 23.5cm. 
520 3 |a Introduction. Current trends in banking and financial systems. Structure and performance. Monetary regulation, 1992 and supervision. Changes in balance sheet structure. Retail banking... 
630 0 4 |a Finance. 
630 0 4 |a Economics. 
630 0 4 |a Banks. 
630 0 4 |a Europe. 
650 0 4 |a Banks and banking  |z Europe. 
650 0 4 |a Banks and banking, Foreign  |z Europe. 
650 0 4 |a Banks and banking, International  |z Europe. 
650 0 4 |a Monetary policy  |z Europe. 
700 1 |a Molyneux, Philip. 
OWN |a DUT 
999 |a From the UDN01 
TYP |a Monograph 
TYP |a Printed language 
980 |a Mạng thư viện Đại học Đà Nẵng